000 00678nam a22002177a 4500
003 UA-OsUOA
001 69034
007 ta
008 20100601b un ||||| |||| 00| 0 ukr d
100 _aЗінкевич Н.
090 _a330(477)
_bЗ-66
942 _cSA
040 _aUA-OsUOA
_bukr
_cUA-OsUOA
_dUA-OsUOA
245 _aТенденції українського ринку праці під впливом світової фінансової кризи
300 _aС.10-16
955 _a0
041 _aukr
080 _a330(477)
773 0 _w69033
_tУкраїна: аспекти праці
_dК.
_d2010
_g3
650 7 _a330 Економіка взагалі
_2UDC
999 _c355288
_d355288